[Event "SLO-chT1 East"]
[Site "Celje"]
[Date "2014.10.09"]
[Round "1"]
[White "Cernjak, Ambroz"]
[Black "Spacapan, Simon"]
[Result "0-1"]
[WhiteElo "1697"]
[BlackElo "1938"]
[PlyCount "72"]
[EventDate "2014.10.09"]
[EventType "team-tourn"]
[EventRounds "9"]
[EventCountry "SLO"]
[SourceTitle "EXT 2019"]
[Source "ChessBase"]
[SourceDate "2018.10.10"]
[SourceVersion "1"]
[SourceVersionDate "2018.10.10"]
[SourceQuality "1"]
[WhiteTeam "Slovenj Gradec"]
[BlackTeam "Slovenska Bistrica Impol"]
[WhiteTeamCountry "SLO"]
[BlackTeamCountry "SLO"]

1. e4 c5 2. Nf3 e6 3. d4 cxd4 4. Nxd4 Nf6 5. Bg5 a6 6. Bd3 Be7 7. Qd2 d6 8. Nc3 Nc6 9. Nde2 b5 10. a3 Bb7 11. 0-0 0-0 12. f3 Ne5 13. Ng3 Rc8 14. Nce2 d5 15. Rfd1 dxe4 16. Nxe4 Nxe4 17. Bxe7 Nxd2 18. Bxd8 Ndxf3+ 19. Kf2 Rfxd8 20. gxf3 Bxf3 21. a4 Nxd3+ 22. cxd3 Bxe2 23. Kxe2 Rc2+ 24. Rd2 Rxd2+ 25. Kxd2 g5 26. axb5 axb5 27. Ra5 Rd5 28. Ra3 h5 29. Ke3 Kg7 30. d4 e5 31. Ke4 Rxd4+ 32. Kxe5 Rb4 33. Rg3 f6+ 34. Kf5 Rxb2 35. h4 Rf2+ 36. Ke4 Rf4+ 0-1

[Event "SLO-chT1 East"]
[Site "Sentjur"]
[Date "2013.10.19"]
[Round "3"]
[White "Slomsek, Zoran"]
[Black "Cernjak, Ambroz"]
[Result "1/2-1/2"]
[WhiteElo "2100"]
[BlackElo "1689"]
[PlyCount "71"]
[EventDate "2013.10.17"]
[EventType "team-tourn"]
[EventRounds "9"]
[EventCountry "SLO"]
[SourceTitle "EXT 2015"]
[Source "ChessBase"]
[SourceDate "2014.11.20"]
[SourceVersion "1"]
[SourceVersionDate "2014.11.20"]
[SourceQuality "1"]

1. e4 e5 2. Nf3 Nc6 3. Bc4 Bc5 4. 0-0 Nf6 5. d3 h6 6. c3 0-0 7. b4 Bd6 8. a4 Ne7 9. Re1 Ng6 10. d4 c6 11. Ba3 Bc7 12. dxe5 Nxe5 13. Nxe5 Bxe5 14. g3 Bc7 15. Nd2 d5 16. exd5 Nxd5 17. Qf3 Nf6 18. Ne4 Nxe4 19. Qxe4 Bh3 20. Rad1 Qf6 21. b5 Rfc8 22. Be7 Qf5 23. Qh4 cxb5 24. Be2 Bb6 25. g4 Qe4 26. Qxh3 Qxe7 27. axb5 Qf6 28. Qf3 Qxf3 29. Bxf3 Rxc3 30. Bxb7 Rb8 31. Be4 Rb3 32. Rb1 Rxb1 33. Rxb1 Re8 34. Rb4 Re5 35. Kg2 g6 36. f4 1/2-1/2

[Event "SLO-chT1 East"]
[Site "Sentjur"]
[Date "2013.10.18"]
[Round "2"]
[White "Cernjak, Ambroz"]
[Black "Kotnik, Simon"]
[Result "1/2-1/2"]
[WhiteElo "1689"]
[BlackElo "1970"]
[PlyCount "35"]
[EventDate "2013.10.17"]
[EventType "team-tourn"]
[EventRounds "9"]
[EventCountry "SLO"]
[SourceTitle "EXT 2015"]
[Source "ChessBase"]
[SourceDate "2014.11.20"]
[SourceVersion "1"]
[SourceVersionDate "2014.11.20"]
[SourceQuality "1"]

1. e4 c5 2. Nf3 d6 3. d4 cxd4 4. Nxd4 Nf6 5. Nc3 a6 6. Be3 b5 7. b4 Bb7 8. f3 Qc7 9. Qd2 e6 10. a3 Be7 11. Bd3 0-0 12. 0-0 Nbd7 13. Rac1 Ne5 14. Bg5 Nc4 15. Bxc4 Qxc4 16. Qd3 Rfc8 17. Qxc4 Rxc4 18. Nce2 1/2-1/2

[Event "SLO-chT1 Ost"]
[Site "Maribor"]
[Date "2012.10.12"]
[Round "2"]
[White "Cernjak, Ambroz"]
[Black "Pavlic, Petra"]
[Result "1/2-1/2"]
[WhiteElo "1675"]
[BlackElo "1591"]
[PlyCount "53"]
[EventDate "2012.10.11"]
[EventType "team-tourn"]
[EventRounds "9"]
[EventCountry "SLO"]
[SourceTitle "EXT 2022"]
[Source "ChessBase"]
[SourceDate "2021.10.06"]
[SourceVersion "1"]
[SourceVersionDate "2021.10.06"]
[SourceQuality "1"]

1. e4 c5 2. Nf3 Nc6 3. d4 cxd4 4. Nxd4 Nf6 5. Nc3 e5 6. Nb3 Bb4 7. Bd2 Bxc3 8. Bxc3 Nxe4 9. Qg4 Nxc3 10. Qxg7 Rf8 11. bxc3 Qh4 12. Nd2 b6 13. Qg3 Qh6 14. Bb5 Qe6 15. Nf3 f6 16. Qh4 Qf7 17. Bc4 Qg6 18. Bd3 f5 19. Qh3 e4 20. Nh4 Qf6 21. Bc4 f4 22. Bd5 e3 23. 0-0 Qxc3 24. fxe3 Ba6 25. Rfe1 0-0-0 26. Bxc6 Qxc6 27. Qf3 1/2-1/2

[Event "SLO-ch U16"]
[Site "Rogaska Slatina"]
[Date "2009.02.22"]
[Round "1"]
[White "Cernjak, Ambroz"]
[Black "Rozic, Samo"]
[Result "0-1"]
[WhiteElo "1568"]
[BlackElo "1930"]
[PlyCount "56"]
[EventDate "2009.02.22"]
[EventType "swiss"]
[EventRounds "9"]
[EventCountry "SLO"]
[SourceTitle "CBM 129 Extra"]
[Source "ChessBase"]
[SourceDate "2009.05.05"]
[SourceVersion "2"]
[SourceVersionDate "2009.05.20"]
[SourceQuality "1"]

1. e4 e6 2. Nc3 g6 3. Nf3 Bg7 4. Bc4 Ne7 5. 0-0 0-0 6. d4 d5 7. exd5 exd5 8. Be2 Nbc6 9. h3 h6 10. Bb5 Be6 11. Bxc6 Nxc6 12. Ne2 g5 13. b3 f5 14. Bb2 Qd6 15. g3 f4 16. g4 h5 17. Nh2 hxg4 18. hxg4 f3 19. Ng3 Qd7 20. Qd2 Rf4 21. Bc1 Nxd4 22. Qd3 Ne2+ 23. Nxe2 fxe2 24. Bxf4 exf1Q+ 25. Rxf1 gxf4 26. f3 Re8 27. Re1 Bf7 28. Rd1 Qe7 0-1

[Event "SLO-ch U14"]
[Site "Postojna"]
[Date "2008.02.28"]
[Round "7"]
[White "Cernjak, Ambroz"]
[Black "Skrlep, Rok"]
[Result "0-1"]
[WhiteElo "1500"]
[BlackElo "1511"]
[PlyCount "120"]
[EventDate "2008.02.24"]
[EventType "swiss"]
[EventRounds "9"]
[EventCountry "SLO"]
[SourceTitle "EXT 2010"]
[Source "ChessBase"]
[SourceDate "2010.11.25"]
[SourceVersion "1"]
[SourceVersionDate "2010.11.25"]
[SourceQuality "1"]

1. e4 e5 2. Nf3 Nc6 3. Bc4 Bc5 4. d3 h6 5. Nc3 d6 6. 0-0 Bg4 7. Be3 Bb6 8. h3 Bh5 9. Nd5 Nf6 10. Nxb6 axb6 11. a3 0-0 12. c3 Re8 13. Qe2 Qd7 14. Bd2 Na5 15. Ba2 c5 16. Qe3 b5 17. b4 cxb4 18. axb4 Nc6 19. Nh4 Ra6 20. Bb3 Qd8 21. Nf5 Ne7 22. Nxh6+ gxh6 23. Qxh6 Bg6 24. Bg5 Nh7 25. Bxe7 Qxe7 26. Qxg6+ Kh8 27. Qxf7 Qxf7 28. Bxf7 Rc8 29. Rxa6 bxa6 30. c4 Ng5 31. Bd5 Kg7 32. Bb7 Rb8 33. Bxa6 bxc4 34. Bxc4 Rxb4 35. f4 Nxe4 36. dxe4 Rxc4 37. fxe5 dxe5 38. Re1 Kg6 39. Kh2 Kg5 40. Kg1 Kf4 41. Kf2 Rc2+ 42. Re2 Rc3 43. h4 Kg4 44. Re3 Rc2+ 45. Re2 Rc3 46. h5 Kxh5 47. Re3 Rc2+ 48. Kg3 Kg5 49. Rf3 Kg6 50. Rf5 Rc5 51. Kh4 Rc2 52. g4 Rc5 53. g5 Rb5 54. Rf6+ Kg7 55. Kg4 Rb3 56. Kf5 Rg3 57. g6 Rf3+ 58. Kxe5 Rxf6 59. Kd5 Kxg6 60. e5 Ra6 0-1

[Event "SLO-ch U14"]
[Site "Postojna"]
[Date "2008.02.27"]
[Round "5"]
[White "Mejak, Severin"]
[Black "Cernjak, Ambroz"]
[Result "1/2-1/2"]
[WhiteElo "1604"]
[BlackElo "1500"]
[PlyCount "65"]
[EventDate "2008.02.24"]
[EventType "swiss"]
[EventRounds "9"]
[EventCountry "SLO"]
[SourceTitle "EXT 2010"]
[Source "ChessBase"]
[SourceDate "2010.11.25"]
[SourceVersion "1"]
[SourceVersionDate "2010.11.25"]
[SourceQuality "1"]

1. e4 e5 2. Nf3 Nc6 3. Bb5 Nf6 4. 0-0 d6 5. d4 Bd7 6. Re1 Nxd4 7. Bxd7+ Qxd7 8. Nxd4 exd4 9. Qxd4 Be7 10. Nc3 0-0 11. h3 a6 12. Bg5 Rae8 13. Rad1 h6 14. Bh4 Qd8 15. a4 Nd7 16. Bxe7 Rxe7 17. Nd5 Ree8 18. Rd3 f5 19. Rg3 Nf6 20. Nxf6+ Qxf6 21. Qxf6 Rxf6 22. Rge3 fxe4 23. Rxe4 Rxe4 24. Rxe4 Kf7 25. Kf1 Re6 26. Rg4 b5 27. f3 c5 28. axb5 axb5 29. b4 Re3 30. c4 bxc4 31. bxc5 dxc5 32. Rxc4 Re5 33. Rg4 1/2-1/2

[Event "SLO-ch U14"]
[Site "Murska Sobota"]
[Date "2007.03.02"]
[Round "9"]
[White "Ros, Jan"]
[Black "Cernjak, Ambroz"]
[Result "0-1"]
[WhiteElo "1500"]
[BlackElo "1500"]
[PlyCount "68"]
[EventDate "2007.02.25"]
[EventType "swiss"]
[EventRounds "9"]
[EventCountry "SLO"]
[SourceTitle "CBM 117 Extra"]
[Source "ChessBase"]
[SourceDate "2007.05.09"]
[SourceVersion "1"]
[SourceVersionDate "2007.05.09"]
[SourceQuality "1"]

1. e4 e5 2. Nf3 Nc6 3. d4 exd4 4. Nxd4 Nf6 5. Nxc6 bxc6 6. Nc3 Bb4 7. Bd3 d6 8. Bd2 0-0 9. Ne2 Bc5 10. a4 a5 11. Ng3 Ng4 12. 0-0 Qf6 13. Qf3 Qxb2 14. Rab1 Bxf2+ 15. Qxf2 Qxb1 16. Rxb1 Nxf2 17. Kxf2 Be6 18. Rb7 Rfc8 19. Nf5 Bxf5 20. exf5 d5 21. g4 c5 22. Rb5 c4 23. Be2 c6 24. Rb6 Rab8 25. Bxa5 Ra8 26. Bd2 Rxa4 27. g5 Ra2 28. Bd1 d4 29. Ke2 g6 30. f6 d3+ 31. cxd3 cxd3+ 32. Kxd3 Rd8+ 33. Kc3 Raxd2 34. Bc2 Rxh2 0-1

[Event "SLO-ch U14"]
[Site "Murska Sobota"]
[Date "2007.02.25"]
[Round "1"]
[White "Cernjak, Ambroz"]
[Black "Janzelj, Tim"]
[Result "0-1"]
[WhiteElo "1500"]
[BlackElo "1722"]
[PlyCount "91"]
[EventDate "2007.02.25"]
[EventType "swiss"]
[EventRounds "9"]
[EventCountry "SLO"]
[SourceTitle "CBM 117 Extra"]
[Source "ChessBase"]
[SourceDate "2007.05.09"]
[SourceVersion "1"]
[SourceVersionDate "2007.05.09"]
[SourceQuality "1"]

1. e4 e5 2. Nf3 Nc6 3. Bc4 Be7 4. 0-0 Nf6 5. Nc3 d6 6. h3 0-0 7. Nd5 Nxe4 8. d3 Nf6 9. a3 Nxd5 10. Bxd5 Be6 11. Bxc6 bxc6 12. c3 f5 13. Re1 Bf7 14. Qc2 Kh8 15. Be3 Bh5 16. Nd2 f4 17. g4 fxe3 18. Rxe3 Bg6 19. Rae1 Bg5 20. R3e2 Bxd2 21. Qxd2 Qf6 22. Re3 Qf4 23. Rf1 d5 24. d4 exd4 25. cxd4 Be4 26. Qe2 Rf7 27. f3 Qg3+ 28. Qg2 Qxg2+ 29. Kxg2 Bg6 30. Rf2 Rff8 31. h4 Rae8 32. Rc3 Re6 33. f4 Be4+ 34. Kg3 Rfe8 35. Re2 Bb1 36. Rxe6 Rxe6 37. b4 Ba2 38. Kf2 Bc4 39. Re3 Rxe3 40. Kxe3 g6 41. f5 gxf5 42. gxf5 Kg7 43. Kf4 Kf6 44. Kg4 Bd3 45. Kf3 Kxf5 46. Ke3 0-1